000 00626nam a22002057a 4500
003 UA-OsUOA
001 12097
007 ta
008 20050429b un ||||| |||| 00| 0 ukr d
100 _aПоссе Абель
942 _cSA
040 _aUA-OsUOA
_brus
_cUA-OsUOA
_dUA-OsUOA
245 _aСтрасти по Эвите. (Продолжение). Перевод с испанского Н. Беленькой
300 _aС.183-237
955 _a0
041 _arus
044 _aRU
773 0 _w0
_tИностранная литература
_dМ.
_d2005
_g№2
650 7 _aЛітературознавство
_2UDC
999 _c298258
_d298258